000 00639cam a22002053a 4500
001 38862
003 PGUSA
005 20140828083846.0
008 120213s2012||||xxu|||||s|||||000 | eng d
040 _aPGUSA
_beng
042 _adc
100 1 _aWingfield, Lewis
245 1 0 _aMy Lords of Strogue, Vol. II (of III) :
_bA Chronicle of Ireland, from the Convention to the Union
_h[electronic resource] /
_cLewis Wingfield
260 _bProject Gutenberg,
_c2012
506 _aPublic domain in the USA.
516 _aElectronic text
830 0 _aProject Gutenberg
_v38862
856 4 0 _uhttp://www.gutenberg.org/ebooks/38862
942 _cEB
999 _c268116
_d268116